Talenti Y: dávejte jim pravidelnou zpětnou vazbu

Generácia Y a Z - stručné charakteristiky. Talent manažment a rozvoj talentov. Skúsenosť s tým, ako si najmladšiu generáciu získať na trhu práce a ako si ju udržať.

Salvato in:
Dettagli Bibliografici
Autore principale: Červenková, Alena
Natura: Capitolo di libro
Lingua:ceco
Soggetti:
Tags: Aggiungi Tag
Nessun Tag, puoi essere il primo ad aggiungerne!!

MARC

LEADER 00000naa a2200000 4500
001 0219977
005 20231113135243.7
041 0 |a cze 
044 |a CZ 
245 1 0 |a Talenti Y: dávejte jim pravidelnou zpětnou vazbu  |c Alena Červenková 
520 |a Generácia Y a Z - stručné charakteristiky. Talent manažment a rozvoj talentov. Skúsenosť s tým, ako si najmladšiu generáciu získať na trhu práce a ako si ju udržať. 
610 2 0 |a generácie 
610 2 0 |a skupiny vekové 
610 2 0 |a talenty 
610 2 0 |a riadenie 
610 2 0 |a trh práce 
100 1 |a Červenková, Alena